Central Library OPAC University of Rajshahi

Asymptotic methods in analysis. / (Record no. 51129)

MARC details
000 -LEADER
fixed length control field 00835nam a2200277 a 4500
001 - CONTROL NUMBER
control field 51129
003 - CONTROL NUMBER IDENTIFIER
rucl marc code BD-RjUL
005 - DATE AND TIME OF LATEST TRANSACTION
control field 20211209075620.0
008 - FIXED-LENGTH DATA ELEMENTS--GENERAL INFORMATION
fixed length control field 160829s1961 nyu 001 0 eng d
035 ## - SYSTEM CONTROL NUMBER
System control number (BD-RjUL)51249
040 ## - CATALOGING SOURCE
Original cataloging agency MNU
Transcribing agency MNU
Modifying agency m.c.
-- OCL
-- TOL
-- UBY
-- BD-RjUL
Language of cataloging eng
041 ## - LANGUAGE CODE
Language code of text/sound track or separate title eng
082 ## - DEWEY DECIMAL CLASSIFICATION NUMBER
Edition number 23
Classification number 511.4
Author mark and year BRA 1961
100 1# - MAIN ENTRY--PERSONAL NAME
Personal name Bruijn, N. G. de
Fuller form of name (Nicolaas Govert)
9 (RLIN) 152949
245 10 - TITLE STATEMENT
Title Asymptotic methods in analysis. /
250 ## - EDITION STATEMENT
Edition statement 2d ed.
260 ## - PUBLICATION, DISTRIBUTION, ETC. (IMPRINT)
Place of publication, distribution, etc. New York :
Name of publisher, distributor, etc. Interscience Publishers,
Date of publication, distribution, etc. 1961.
300 ## - PHYSICAL DESCRIPTION
Pagination xii, 200 p. ;
Size 24 cm.
490 ## - SERIES STATEMENT
Series statement Bibliotheca mathematica ;
Volume/sequential designation v. 4
500 ## - GENERAL NOTE
General note Include index
650 #0 - SUBJECT ADDED ENTRY--TOPICAL TERM
Topical term or geographic name as entry element Numerical analysis.
9 (RLIN) 152950
Topical term or geographic name as entry element Mathematical analysis.
9 (RLIN) 152951
830 #0 - SERIES ADDED ENTRY--UNIFORM TITLE
Uniform title Bibliotheca mathematica ;
Volume number/sequential designation v. 4
942 ## - ADDED ENTRY ELEMENTS (KOHA)
Source of classification or shelving scheme Dewey Decimal Classification
Koha item type Books
Holdings
Lost status Source of classification or shelving scheme Damaged status Not for loan Collection code Permanent Location Current Location Shelving location Date acquired Source of acquisition Cost, normal purchase price Total Checkouts Full call number Date last seen Copy number Koha item type
  Dewey Decimal Classification     Non-fiction Central Library, University of Rajshahi Central Library, University of Rajshahi   22/10/1968 Book view, Dhaka 50.00   511.4 BRA 1961 29/08/2016 C-2 Books